| 000 | 01458nam a2200313 i 4500 | ||
|---|---|---|---|
| 999 |
_c65302 _d65302 |
||
| 001 | 768714001 | ||
| 003 | CO-MdFUSB | ||
| 005 | 20200210144749.0 | ||
| 008 | 191108t2014 sp |||| |||| 00| 0 spa d | ||
| 020 | _a9788482678641 | ||
| 040 |
_aCO-MdFUSB _bspa _cCO-MdFUSB _dCO-MdFUSBC _erda |
||
| 041 | _aspa | ||
| 082 |
_223 _a225.7 _bP438 |
||
| 100 | 1 |
_aPérez Millos, Samuel _eautor |
|
| 245 | 1 |
_aMarcos : _bcomentario exegético al texto griego del nuevo testamento. _c/ Samuel Pérez Millos, Th. M. |
|
| 264 | 1 |
_aBarcelona, España : _bClie, _c[2014] |
|
| 264 | 4 | _c© 2014 | |
| 300 |
_a1636 páginas _c; 25 cm |
||
| 336 |
_2rdacontent _atexto _btxt |
||
| 337 |
_2rdamedia _asin mediación _bn |
||
| 338 |
_2rdacarrier _avolumen _bnc |
||
| 504 | _aIncluye referencias bibliográficas (páginas 1633-1636) | ||
| 505 | _aComienzo del ministerio. -- Poder y oposición. -- Autoridad y servicio. -- Enseñando por parábolas. -- Liberación, sanidad y resurrección. -- El siervo rechazado, admirado y poderoso. -- Traiciones, hipocresía y amor. -- Milagros, enseñanzas y reconocimiento. -- La gloria del siervo. -- Enseñanzas y milagros. -- Jesús en Jerusalén. -- Otras enseñanzas de Jesús. -- Los tiempos finales. -- La antesala de la cruz. -- La cruz. -- Resurrección y misión. | ||
| 563 | _aRústico | ||
| 630 | 7 |
_aBiblia. _pMarcos _xCrítica, interpretación, etc. |
|
| 650 | 0 |
_91842 _aComentarios Bíblicos |
|
| 942 | _cBK | ||
| 945 | _aJTF-925 | ||